00550nam a2200121Ia 4500008004100000082002100041100003700062245013900099260002400238300001300262502007300275650008000348120622s9999 xx 000 0 und d aT 345.0572 M357e aMárquez Ramírez, Lyz Liliana aEfectos jurídicos del artítulo 36 del Código de Procedimientos Penales para el Distrito Federl / Lyz Liliana Márquez Ramírez aMéxico : el autor a6, 127 h aTesis (Lic. en Derecho). -- Universidad Insurgentes, Plantel Tlalpan a1. DERECHO PENAL - D.F. (MEXICO). 2. PROCEDIMIENTO PENAL - D.F. (MEXICO)Ì